00922nam a22002537a 4500001000500000005001700005020001800022040002900040050001500069082001100084100001600095245009100111250004600202260003400248300004300282490001800325505000800343520021000351521001700561521001800578650002000596650002300616700002900639208720240221131141.0 a9780439588645 aFISKHbengcFISKHdFISKH aPZ7.B81422 a813.54 aBrown, Jeff aStanley in space /cby Brown , Jeff author of Flat Stanley ; Pictures by Nash, Scott  aFirst Scholastic printing, September 2003 aNew York :bScholastic,c2003 a103 pages :c19 cm . billustrations ; a Flat Stanley aN  aWhen the residents of a far-distant planet send a message to Earth asking for someone to meet with them, the President of the United States asks Stanley Lambchop, an all-American boy, to be his ambassador. a580 bLexile aN bRaz-Plus aSpacevfiction  aAdventurevfiction aNash, Scotteillustrator